Latex diagnosis (Record no. 62004)

MARC details
000 -LEADER
fixed length control field 00404nam a2200169Ia 4500
100 ## - MAIN ENTRY--AUTHOR NAME
Personal name Jacob J L
245 #0 - TITLE STATEMENT
Title Latex diagnosis
260 ## - PUBLICATION, DISTRIBUTION, ETC. (IMPRINT)
Name of publisher Plantations, Recherche, Developpement
Year of publication 1995
300 ## - PHYSICAL DESCRIPTION
Number of Pages 33-37
500 ## - GENERAL NOTE
General note Source Year: 1995
700 ## - ADDED ENTRY--PERSONAL NAME
Personal name Eschbach J M
700 ## - ADDED ENTRY--PERSONAL NAME
Personal name Lacrotte R
700 ## - ADDED ENTRY--PERSONAL NAME
Personal name Prevot J C
856 ## - ELECTRONIC LOCATION AND ACCESS
Uniform Resource Identifier HOA
942 ## - ADDED ENTRY ELEMENTS (KOHA)
Koha item type Journals
Holdings
Withdrawn status Lost status Damaged status Not for loan Home library Current library Shelving location Date acquired Serial Enumeration / chronology Koha item type
      Journals RRII Library RRII Library Physiology 17/10/1995 Volume 2, Issue 2 Journals